Faşizme karşı özgür sanat (Record no. 5447)

MARC details
000 -BAŞLIK
Sabit Uzunlukta Kontrol Alanı 00704na a2200253 4500
001 - KONTROL NUMARASI
Denetim Alanı 18445
003 - KONTROL NUMARASI IDENTIFIER
Denetim Alanı MIRAKIL
005 - SON İŞLEM TARİHİ VE ZAMANI
Denetim Alanı 20181213155037.0
008 - SABİT-BOY VERİ ELEMANLARI - GENEL BİLGİLER
Sabit Uzunlukta Kontrol Alanı 161118b tu 000 0
020 ## - ULUSLARARASI STANDART KİTAP NUMARASI
Uluslararası Standart Kitap Numarası 9786055252434
040 ## - KATALOGLAMA KAYNAK
Orijinal Kataloglama Ajansı Milas
Kataloglama Dili tur
Metne Dönüştürmek Ajansı TR-AnCHP
041 ## - DİL KODU
Metin / Ses Parça Veya Ayrı Başlığın Dil Kodu tur
082 ## - DEWEY ONLU SINIFLANDIRMA NUMARASI
Sınıflandırma Numarası 700.103
Ürün Numarası F27 2013
090 ## - SINIFLAMA NUMARASI
Sınıflama Numarası 700.103 F27 2013
245 ## - BAŞLIK TABLOSU
Başlık Faşizme karşı özgür sanat
Sorumluluk Tablosu, Vb [derleyen] Yenikapı Tiyatrosu; C.Yunus Kara
260 ## - YAYIN, DAĞITIM, VB
Yayın, Dağıtım, Vb Yeri İstanbul
Yayıncı, Dağıtıcı, Vs Adı Ceylan
Yayın, Dağıtım, Vb Tarihi 203
300 ## - FİZİKSEL TANIM
Kapsam 128 s.
Boyutlar 21 sm.
440 ## - SERİSİ TABLOSU / KATMA GİRİŞİ - BAŞLIK
Başlık Ceylan yayınları
Hacim / Ardışık Tanımı 237
490 ## - SERİSİ TABLOSU
Seri Beyanı Tiyatro
Hacim / Ardışık Tanımı 3
650 ## - KONU KATMA GİRİŞ - TOPİKAL DÖNEM
Topikal Süreli Veya Coğrafi Ad Giriş Elemanı Sanat ve siyaset
Genel Alt Bölümü Derlemeler
Coğrafi Alt Bölümü Türkiye
700 ## - KATMA GİRİŞ - KİŞİSEL İSİM
Kişisel Ad Kara, C. Yunus
710 ## - KATMA GİRİŞ - KURUMSAL ADI
Giriş Elemanı Olarak Kurumsal Ad Veya Yargı Alanı Adı Yenikapı Tiyatrosu
942 ## - EKLENDİ GİRİŞ ELEMANLARI (KOHA)
Sınıflandırma Veya Raf Düzeni Kaynak Dewey Decimal Classification
Koha Öğesi Türü Books
999 ## - SİSTEM KONTROL NUMARALARI (KOHA)
Koha Biblionumber 5447
Koha Biblioitemnumber 5447
Holdings
Kalıcı Konum Mevcut Konum Edinme Tarihi Edinim Kaynak Toplam Check-Out'Lar Tam Çağrı Numarası Barkod Tarih Son Görülme İtibaren Geçerli Fiyatlar Koha Öğesi Türü
CHP Kütüphanesi CHP Kütüphanesi 11/18/2016 Bağış   700.103 F27 2013 010050 11/18/2016 11/18/2016 Books